Bīsaladeva rāso. (Record no. 77238)

MARC details
000 -LEADER
fixed length control field 00889cam a22002651 4500
001 - CONTROL NUMBER
control field sa 68000482
003 - CONTROL NUMBER IDENTIFIER
control field DLC
005 - DATE AND TIME OF LATEST TRANSACTION
control field 20260227112424.0
008 - FIXED-LENGTH DATA ELEMENTS--GENERAL INFORMATION
fixed length control field 890913s1964 ii b 000 0 inco
010 ## - LIBRARY OF CONGRESS CONTROL NUMBER
LC control number sa 68000482
035 ## - SYSTEM CONTROL NUMBER
System control number (OCoLC)20335767
040 ## - CATALOGING SOURCE
Original cataloging agency DLC
Transcribing agency WaU
Modifying agency NRU
-- DLC
041 0# - LANGUAGE CODE
Language code of text/sound track or separate title inchin
042 ## - AUTHENTICATION CODE
Authentication code premarc
050 00 - LIBRARY OF CONGRESS CALL NUMBER
Classification number PK2479.N3
Item number B5 1964
100 1# - MAIN ENTRY--PERSONAL NAME
Personal name Narapati Nālha,
Dates associated with a name active 12th century.
245 10 - TITLE STATEMENT
Title Bīsaladeva rāso.
Statement of responsibility, etc. Saṃpādaka Satyajīvana Varmā.
260 ## - PUBLICATION, DISTRIBUTION, ETC.
Place of publication, distribution, etc. Kāśī,
Name of publisher, distributor, etc. Nāgarī Pracāriṇī Sabhā
Date of publication, distribution, etc. [1964 or 5]
300 ## - PHYSICAL DESCRIPTION
Extent 44, 115, 4 p.
Dimensions 18 cm.
490 0# - SERIES STATEMENT
Series statement Bālābaksha Rājaputa Cāraṇa Pustakamālā ;
Volume/sequential designation 2
546 ## - LANGUAGE NOTE
Language note In Dingal; introductory matter and commentary in Hindi.
504 ## - BIBLIOGRAPHY, ETC. NOTE
Bibliography, etc. note Bibliographical footnotes.
600 00 - SUBJECT ADDED ENTRY--PERSONAL NAME
Personal name Vigraha Raja,
Numeration IV,
Titles and other words associated with a name King of Ajmer,
Dates associated with a name active 1001
Form subdivision Poetry.
700 1# - ADDED ENTRY--PERSONAL NAME
Personal name Varmā, Satyajīvana,
Dates associated with a name 1898-

No items available.

Powered by Koha